Využitie dát z nositeľnej elektroniky v poisťovníctve bakalárska práca

Uložené v:
Podrobná bibliografia
Hlavný autor: Kravčišin, Adam
Korporativný autor: Národohospodárska fakulta EU. Katedra poisťovníctva
Ďalší autori: Brokešová, Zuzana, 1985-
Médium: Kniha
Jazyk:Slovak
Vydavateľské údaje: Bratislava 2024
Tagy: Pridať tag
Žiadne tagy, Buďte prvý, kto otaguje tento záznam!

MARC

LEADER 00000nbm a2200000 4500
001 0301553
005 20240924132420.8
041 0 |a slo 
044 |a SK 
245 1 0 |a Využitie dát z nositeľnej elektroniky v poisťovníctve  |b bakalárska práca  |c Adam Kravčišin ; školiteľ: Zuzana Brokešová 
264 1 |a Bratislava  |c 2024 
300 |a 40 s. 
100 1 |a Kravčišin, Adam 
700 1 |a Brokešová, Zuzana, 1985- 
710 2 |a Národohospodárska fakulta EU. Katedra poisťovníctva